| 000 | 00590nam a2200205 a 4500 | ||
|---|---|---|---|
| 001 | 13995 | ||
| 003 | CO-ViMGA | ||
| 008 | 141112s2004 ck r 000 u spa d | ||
| 020 | _a8479021756 | ||
| 040 |
_aCO-ViMGA _bspa _cCO-ViMGA |
||
| 082 | 0 | 4 | _a796.352 W663 |
| 100 | 1 |
_aWoods, Earl _920441 |
|
| 245 | 1 | 0 |
_aEntrenar un tigre : _buna guia para forjar un campeon tanto en el golf como en la vida |
| 260 |
_aMadrid : _btutor, _c199 |
||
| 300 | _a208p. | ||
| 590 | _aForma de adquisición : Compra | ||
| 650 | 1 | 4 |
_aGOLF - ENSEÑANZA _920442 |
| 650 | 1 | 4 |
_aWOODS, EARL _920443 |
| 942 |
_2ddc _cBK |
||
| 999 |
_c24696 _d24696 |
||